[Event "SLO-chT2 East"]
[Site "Slovenia"]
[Date "2016.10.01"]
[Round "2"]
[White "Gmajner, Ivan"]
[Black "Kirbis, Milan"]
[Result "1-0"]
[WhiteElo "1818"]
[BlackElo "2031"]
[PlyCount "61"]
[EventDate "2016.09.24"]
[EventType "team-tourn"]
[EventRounds "9"]
[EventCountry "SLO"]
[SourceTitle "EXT 2019"]
[Source "ChessBase"]
[SourceDate "2018.10.10"]
[SourceVersion "1"]
[SourceVersionDate "2018.10.10"]
[SourceQuality "1"]
[WhiteTeam "Krsko Triglav II"]
[BlackTeam "Maribor Gambit"]
[WhiteTeamCountry "SLO"]
[BlackTeamCountry "SLO"]

1. e4 d5 2. exd5 Nf6 3. d4 Nxd5 4. Nf3 Bg4 5. Be2 Nc6 6. 0-0 g6 7. h3 Bc8 8. c4 Nb6 9. Nc3 Bg7 10. Be3 0-0 11. Rc1 a6 12. d5 Ne5 13. Nxe5 Bxe5 14. Qd2 Bh8 15. Bd4 e5 16. Be3 Nd7 17. Rfd1 f5 18. Bg5 Bf6 19. Bxf6 Qxf6 20. b4 Re8 21. c5 e4 22. d6 c6 23. Bc4+ Kg7 24. Na4 f4 25. Qd4 Re5 26. Nc3 Qf5 27. Re1 Nf6 28. Bd3 f3 29. Bxe4 Qg5 30. Bxf3 Bxh3 31. Qxe5 1-0

[Event "SLO-chT2 East"]
[Site "Slovenia"]
[Date "2016.10.01"]
[Round "3"]
[White "Kirbis, Milan"]
[Black "Burjak, Zdravko"]
[Result "0-1"]
[WhiteElo "2031"]
[BlackElo "1970"]
[PlyCount "76"]
[EventDate "2016.09.24"]
[EventType "team-tourn"]
[EventRounds "9"]
[EventCountry "SLO"]
[SourceTitle "EXT 2019"]
[Source "ChessBase"]
[SourceDate "2018.10.10"]
[SourceVersion "1"]
[SourceVersionDate "2018.10.10"]
[SourceQuality "1"]
[WhiteTeam "Maribor Gambit"]
[BlackTeam "Crna"]
[WhiteTeamCountry "SLO"]
[BlackTeamCountry "SLO"]

1. e4 c5 2. Nc3 d6 3. f4 Nc6 4. Bb5 Bd7 5. Bxc6 Bxc6 6. Nf3 b5 7. d3 g6 8. 0-0 Bg7 9. Qe1 b4 10. Ne2 e6 11. Ng3 Ne7 12. f5 exf5 13. exf5 f6 14. Bf4 Bd5 15. Ne4 Bxe4 16. Qxe4 0-0 17. Qe6+ Kh8 18. fxg6 Nxg6 19. Qxd6 Nxf4 20. Qxf4 f5 21. Rab1 Qd5 22. b3 Bc3 23. Rbd1 Rae8 24. Qc4 Qd6 25. Rf2 Re4 26. dxe4 Qxd1+ 27. Rf1 Qxc2 28. e5 Rg8 29. Rf2 Qc1+ 30. Qf1 Qe3 31. Kh1 Re8 32. Re2 Qf4 33. g3 Qg4 34. e6 f4 35. Re4 Qf5 36. Rxf4 Qxe6 37. Nh4 Qd5+ 38. Nf3 Re1 0-1

[Event "SLO-chT2 East"]
[Site "Slovenia"]
[Date "2015.11.21"]
[Round "8"]
[White "Turicnik, Vlado"]
[Black "Kirbis, Milan"]
[Result "1/2-1/2"]
[WhiteElo "2012"]
[BlackElo "2016"]
[PlyCount "38"]
[EventDate "2015.09.05"]
[EventType "team-tourn"]
[EventRounds "9"]
[EventCountry "SLO"]
[SourceTitle "EXT 2019"]
[Source "ChessBase"]
[SourceDate "2018.10.10"]
[SourceVersion "1"]
[SourceVersionDate "2018.10.10"]
[SourceQuality "1"]
[WhiteTeam "Fuzinar Hapro"]
[BlackTeam "Maribor Gambit"]
[WhiteTeamCountry "SLO"]
[BlackTeamCountry "SLO"]

1. e4 d5 2. exd5 Nf6 3. d4 Nxd5 4. c4 Nf6 5. Nc3 e5 6. dxe5 Qxd1+ 7. Nxd1 Bb4+ 8. Bd2 Bxd2+ 9. Kxd2 Nfd7 10. f4 Nc6 11. Nf3 Nc5 12. Nc3 Bf5 13. Ke3 Ne6 14. g3 0-0-0 15. Ne4 Nb4 16. Ne1 Nc6 17. Nf3 Nb4 18. Ne1 Nc6 19. Nf3 Nb4 1/2-1/2

[Event "SLO-chT2 East"]
[Site "Slovenia"]
[Date "2015.10.10"]
[Round "4"]
[White "Kirbis, Milan"]
[Black "Skuhala, Luka"]
[Result "1/2-1/2"]
[WhiteElo "2016"]
[BlackElo "1994"]
[PlyCount "81"]
[EventDate "2015.09.05"]
[EventType "team-tourn"]
[EventRounds "9"]
[EventCountry "SLO"]
[SourceTitle "EXT 2019"]
[Source "ChessBase"]
[SourceDate "2018.10.10"]
[SourceVersion "1"]
[SourceVersionDate "2018.10.10"]
[SourceQuality "1"]
[WhiteTeam "Maribor Gambit"]
[BlackTeam "Radenska Ljutomer"]
[WhiteTeamCountry "SLO"]
[BlackTeamCountry "SLO"]

1. d4 Nf6 2. Nf3 e6 3. Bf4 d5 4. e3 c5 5. Nbd2 Nc6 6. c3 a6 7. Bd3 Be7 8. h3 0-0 9. 0-0 b5 10. Ne5 Bb7 11. Bb1 Rc8 12. Bg3 cxd4 13. cxd4 Nxe5 14. Bxe5 Nd7 15. Bg3 g6 16. a3 a5 17. Bd3 Qb6 18. Qe2 Bc6 19. h4 Nf6 20. Be5 Ne4 21. h5 Nxd2 22. Qxd2 f6 23. Bg3 f5 24. hxg6 hxg6 25. Be5 Kf7 26. g3 Bf6 27. Bd6 Rh8 28. Kg2 Qd8 29. Bc5 g5 30. Rh1 Qc7 31. Rxh8 Rxh8 32. Rh1 Rxh1 33. Kxh1 g4 34. Kg2 Kg8 35. Qc3 Bd8 36. Qb3 Qd7 37. Qc2 Bc7 38. b4 a4 39. Qb1 Qh7 40. Qh1 Qxh1+ 41. Kxh1 1/2-1/2

[Event "SLO-chT2 East"]
[Site "Slovenia"]
[Date "2015.09.19"]
[Round "3"]
[White "Mitrovic, Boris"]
[Black "Kirbis, Milan"]
[Result "1/2-1/2"]
[WhiteElo "2019"]
[BlackElo "2016"]
[PlyCount "76"]
[EventDate "2015.09.05"]
[EventType "team-tourn"]
[EventRounds "9"]
[EventCountry "SLO"]
[SourceTitle "EXT 2019"]
[Source "ChessBase"]
[SourceDate "2018.10.10"]
[SourceVersion "1"]
[SourceVersionDate "2018.10.10"]
[SourceQuality "1"]
[WhiteTeam "Fram"]
[BlackTeam "Maribor Gambit"]
[WhiteTeamCountry "SLO"]
[BlackTeamCountry "SLO"]

1. c4 e5 2. Nc3 Nf6 3. Nf3 Nc6 4. d4 exd4 5. Nxd4 Ne5 6. e3 g6 7. Be2 Bg7 8. 0-0 d6 9. b3 0-0 10. Bb2 Qe7 11. Qd2 Re8 12. Rac1 a6 13. Rfd1 Bh6 14. Nd5 Nxd5 15. cxd5 Bg4 16. Qc3 Bg7 17. f3 Bc8 18. Qxc7 Nd7 19. e4 Be5 20. Bf1 Qg5 21. Qc2 Bf4 22. Rb1 Qh5 23. g3 Be3+ 24. Kg2 Ne5 25. Qe2 Bh6 26. Kg1 Bd7 27. Bg2 Rac8 28. Bc1 Bg7 29. Ba3 Bf8 30. Rdc1 f5 31. Qf1 fxe4 32. fxe4 Bh6 33. Rxc8 Be3+ 34. Kh1 Rxc8 35. Ne6 Ng4 36. h3 Nf2+ 37. Kh2 Ng4+ 38. Kh1 Nf2+ 1/2-1/2

[Event "SLO-chT2 East"]
[Site "Slovenia"]
[Date "2013.12.09"]
[Round "8"]
[White "Kirbis, Milan"]
[Black "Mitrovic, Boris1111"]
[Result "1/2-1/2"]
[WhiteElo "2043"]
[BlackElo "2089"]
[PlyCount "29"]
[EventDate "2013.09.07"]
[EventType "team-tourn"]
[EventRounds "9"]
[EventCountry "SLO"]
[SourceTitle "EXT 2015"]
[Source "ChessBase"]
[SourceDate "2014.11.20"]
[SourceVersion "1"]
[SourceVersionDate "2014.11.20"]
[SourceQuality "1"]

1. e4 Nf6 2. d3 d5 3. Nd2 dxe4 4. dxe4 e5 5. Ngf3 Bd6 6. Bc4 0-0 7. Qe2 Qe7 8. Nf1 Be6 9. Ng3 Nbd7 10. Nh4 g6 11. Nf3 Kg7 12. Bd2 a6 13. Bxe6 Qxe6 14. Ng5 Qe7 15. 0-0 1/2-1/2

[Event "SLO-chT2 East"]
[Site "Slovenia"]
[Date "2013.10.12"]
[Round "3"]
[White "Brdnik, Roman"]
[Black "Kirbis, Milan"]
[Result "0-1"]
[WhiteElo "1886"]
[BlackElo "2043"]
[PlyCount "76"]
[EventDate "2013.09.07"]
[EventType "team-tourn"]
[EventRounds "9"]
[EventCountry "SLO"]
[SourceTitle "EXT 2015"]
[Source "ChessBase"]
[SourceDate "2014.11.20"]
[SourceVersion "1"]
[SourceVersionDate "2014.11.20"]
[SourceQuality "1"]

1. d4 d6 2. c4 Nd7 3. Bf4 e5 4. dxe5 dxe5 5. Bd2 Bc5 6. e3 Ngf6 7. Nc3 c6 8. a3 0-0 9. b4 Bd6 10. Nge2 Re8 11. Ng3 a5 12. Nce4 Bc7 13. Be2 Nxe4 14. Nxe4 f5 15. Nc3 e4 16. 0-0 Ne5 17. c5 Be6 18. Qc2 Qf6 19. f4 exf3 20. Bxf3 Nxf3+ 21. gxf3 Qh4 22. f4 Bc4 23. Rf2 axb4 24. Ne2 Bxe2 25. Rxe2 Re4 26. Rg2 Bd8 27. Qb3+ Kh8 28. Bxb4 Bf6 29. Rd1 Rae8 30. Rd3 Rxf4 31. Bc3 Rfe4 32. Rg3 f4 33. Bxf6 gxf6 34. exf4 Re1+ 35. Kg2 R8e2+ 36. Kf3 Qh5+ 37. Rg4 Qh3+ 38. Rg3 Rf2+ 0-1

[Event "SLO-chT2 East"]
[Site "Brezice Maribor"]
[Date "2012.11.03"]
[Round "7"]
[White "Kirbis, Milan"]
[Black "Florjancic, Rudolf"]
[Result "1-0"]
[WhiteElo "2019"]
[BlackElo "1922"]
[PlyCount "49"]
[EventDate "2012.09.08"]
[EventType "team-tourn"]
[EventRounds "9"]
[EventCountry "SLO"]
[SourceTitle "EXT 2022"]
[Source "ChessBase"]
[SourceDate "2021.10.06"]
[SourceVersion "1"]
[SourceVersionDate "2021.10.06"]
[SourceQuality "1"]

1. e4 c5 2. d4 cxd4 3. c3 Nc6 4. cxd4 d5 5. e5 Bf5 6. Nc3 e6 7. Be3 a6 8. Nge2 f6 9. f4 Be7 10. Ng3 Nh6 11. Be2 g6 12. 0-0 0-0 13. Kh1 Rc8 14. Bg1 b5 15. Nxf5 gxf5 16. Rf3 Kh8 17. Rh3 Nf7 18. Bd3 Rg8 19. Qh5 Rg7 20. Rf1 Qg8 21. Rff3 Rxg2 22. Rfg3 Rxg3 23. Rxg3 Qf8 24. Nxd5 fxe5 25. dxe5 1-0

[Event "SLO-chT East"]
[Site "Slovenia"]
[Date "2005.10.22"]
[Round "3.5"]
[White "Grilc, Andrej"]
[Black "Kirbis, Milan"]
[Result "1-0"]
[WhiteElo "2117"]
[BlackElo "2095"]
[PlyCount "65"]
[EventDate "2005.10.19"]
[EventType "team"]
[EventRounds "9"]
[EventCountry "SLO"]
[SourceTitle "EXT 2009"]
[Source "ChessBase"]
[SourceDate "2008.11.26"]
[SourceVersion "1"]
[SourceVersionDate "2008.11.26"]
[SourceQuality "1"]

1. e4 e5 2. Nf3 Nf6 3. Nc3 Nc6 4. Bb5 Bc5 5. 0-0 0-0 6. d3 Qe7 7. Bg5 Qe6 8. Bc4 Qg4 9. Bxf6 gxf6 10. Nd5 Qg7 11. Nxc7 Rb8 12. c3 Ne7 13. b4 Bb6 14. Nb5 d5 15. Bxd5 Ng6 16. Kh1 Nf4 17. Ne1 Kh8 18. Nd6 Bg4 19. f3 Nh5 20. d4 Qh6 21. fxg4 Ng3+ 22. Kg1 Nxf1 23. Kxf1 Qxh2 24. Qf3 Qh4 25. g3 Qg5 26. Nxf7+ Rxf7 27. Bxf7 Kg7 28. Bb3 exd4 29. cxd4 Bxd4 30. Rd1 Be5 31. Rd7+ Kh8 32. Qf5 Qh6 33. Kg2 1-0

[Event "Pula op 19th"]
[Site "Pula"]
[Date "2005.06.19"]
[Round "1"]
[White "Kirbis, Milan"]
[Black "Predojevic, Borki"]
[Result "0-1"]
[WhiteElo "2095"]
[BlackElo "2549"]
[PlyCount "62"]
[EventDate "2005.06.19"]
[EventType "swiss"]
[EventRounds "9"]
[EventCountry "CRO"]
[SourceTitle "CBM 106 Extra"]
[Source "ChessBase"]
[SourceDate "2005.07.01"]
[SourceVersion "1"]
[SourceVersionDate "2005.07.01"]
[SourceQuality "1"]

1. e4 c5 2. Nf3 e6 3. d4 cxd4 4. Nxd4 a6 5. c4 Nf6 6. Nc3 Bb4 7. Bd3 Nc6 8. Nxc6 dxc6 9. 0-0 e5 10. Qe2 Be6 11. a3 Be7 12. Nd1 0-0 13. Ne3 Re8 14. Bd2 Bc5 15. Bc3 Qc7 16. Kh1 Rad8 17. Rad1 b5 18. cxb5 axb5 19. Rc1 Qb6 20. Bxe5 Bxe3 21. Bxf6 Rxd3 22. fxe3 Qxe3 23. Qxe3 Rxe3 24. Bg5 Rxe4 25. Rxc6 Re2 26. Rd6 Rxb2 27. Rd2 Rb3 28. Ra1 h6 29. Bf4 Ra8 30. Bd6 b4 31. a4 Rxa4 0-1

[Event "Pula op 18th"]
[Site "Pula"]
[Date "2004.06.20"]
[Round "1"]
[White "Kirbis, Milan"]
[Black "Kovacevic, Blazimir"]
[Result "0-1"]
[WhiteElo "2116"]
[BlackElo "2466"]
[PlyCount "106"]
[EventDate "2004.06.19"]
[EventType "swiss"]
[EventRounds "9"]
[EventCountry "CRO"]
[SourceTitle "CBM 100 Extra"]
[Source "ChessBase"]
[SourceDate "2004.07.06"]
[SourceVersion "2"]
[SourceVersionDate "2004.07.06"]
[SourceQuality "1"]

1. e4 b6 2. d4 Bb7 3. Nc3 e6 4. Nf3 Bb4 5. Bd3 Nf6 6. Qe2 d5 7. e5 Ne4 8. Bd2 Nxd2 9. Qxd2 Ba6 10. a3 Bxc3 11. Qxc3 Bxd3 12. Qxd3 c5 13. c3 0-0 14. Qe3 Nd7 15. 0-0 Qe7 16. Nd2 Rac8 17. Rac1 Rc6 18. f4 f5 19. Nf3 Rfc8 20. Rcd1 a5 21. g3 b5 22. Ra1 c4 23. h3 Rb6 24. Kg2 Rcb8 25. Rf2 Nf8 26. Ne1 h6 27. Nc2 g5 28. Rg1 Ng6 29. Kh2 Kh7 30. Rff1 Rg8 31. Ne1 gxf4 32. gxf4 Qh4 33. Rg3 Rb7 34. Ng2 Qh5 35. Qf3 Qxf3 36. Rfxf3 b4 37. axb4 axb4 38. Rf2 Ra8 39. h4 Ra2 40. Rgf3 Ra1 41. h5 Nf8 42. Nh4 Rg7 43. Rg2 Rxg2+ 44. Kxg2 Rb1 45. Rf2 b3 46. Re2 Kg7 47. Rf2 Kf7 48. Re2 Kg7 49. Rf2 Nd7 50. Ng6 Nb6 51. Kf3 Na4 52. Rg2 Rxb2 53. Rg1 Rc2 0-1

[Event "Pula op 17th"]
[Site "Pula"]
[Date "2003.06.01"]
[Round "1"]
[White "Stanojoski, Zvonko"]
[Black "Kirbis, Milan"]
[Result "1-0"]
[WhiteElo "2497"]
[BlackElo "2151"]
[PlyCount "83"]
[EventDate "2003.06.01"]
[EventType "swiss"]
[EventRounds "9"]
[EventCountry "CRO"]
[SourceTitle "CBM 094 Extra"]
[Source "ChessBase"]
[SourceDate "2003.07.09"]
[SourceVersion "2"]
[SourceVersionDate "2003.07.09"]
[SourceQuality "1"]

1. e4 c5 2. Nf3 Nc6 3. Nc3 a6 4. g3 Nf6 5. Bg2 e6 6. 0-0 d5 7. exd5 Nxd5 8. d4 Nf6 9. Ne2 Be7 10. c3 0-0 11. Qb3 Na5 12. Qc2 Bd7 13. dxc5 Bc6 14. b4 Be4 15. Qa4 Nc4 16. Rd1 Qc8 17. Qb3 b5 18. Ne1 Bxg2 19. Nxg2 e5 20. Bg5 Qg4 21. Bxf6 Bxf6 22. Qc2 Na3 23. Qc1 Nc4 24. Re1 Qf3 25. a4 h6 26. h4 Rad8 27. axb5 axb5 28. Ra2 Rd3 29. Rd1 Rfd8 30. Rxd3 Qxd3 31. c6 Qf3 32. c7 Rc8 33. Ne1 Qc6 34. Qa1 Rxc7 35. Nd3 Qf3 36. Nc5 Rc8 37. Qf1 g5 38. Qg2 e4 39. Nxe4 g4 40. Qxf3 gxf3 41. Nxf6+ Kg7 42. Nh5+ 1-0